[Event "Mittelrhein Verbandsliga Nord 1920"]
[Site "Mittelrhein"]
[Date "2019.09.29"]
[Round "1.7"]
[White "Wemmer, Thomas"]
[Black "Multhauf, Stefan"]
[Result "0-1"]
[WhiteElo "1785"]
[BlackElo "1695"]
[PlyCount "96"]
[EventDate "2019.09.29"]
[EventType "team-tourn"]
[EventRounds "9"]
[EventCountry "GER"]
[SourceTitle "EXT 2023"]
[Source "ChessBase"]
[SourceDate "2022.10.05"]
[SourceVersion "1"]
[SourceVersionDate "2022.10.05"]
[SourceQuality "1"]
[WhiteTeam "Pulheim"]
[BlackTeam "Leverkusen Koenigsspringer"]
[WhiteTeamCountry "GER"]
[BlackTeamCountry "GER"]

1. e4 e6 2. d4 d5 3. Nc3 Nf6 4. e5 Nfd7 5. Nf3 c5 6. Bf4 a6 7. Be2 Nc6 8. 0-0 cxd4 9. Nxd4 Ndxe5 10. Bxe5 Nxe5 11. f4 Nc6 12. Kh1 Bd6 13. f5 Bxh2 14. Nf3 Bc7 15. Qd2 Bb6 16. Qf4 0-0 17. Ng5 h6 18. Nh3 Bc7 19. Qf2 Qd6 20. Qg1 Nd4 21. f6 Nf5 22. Rxf5 exf5 23. fxg7 d4 24. gxf8Q+ Kxf8 25. Rd1 Qe5 26. Rxd4 Bb6 27. Rd5 Qxd5 28. Nxd5 Bxg1 29. Kxg1 Be6 30. Bf3 Rd8 31. c4 b5 32. b3 bxc4 33. bxc4 Rc8 34. Nb6 Rc5 35. Nf4 Ke7 36. Nfd5+ Kd6 37. Kf2 Ra5 38. Ke3 Kc5 39. Na8 Kxc4 40. Ne7 Rxa2 41. Kf4 Kc5 42. Nxf5 Bxf5 43. Kxf5 a5 44. Nc7 a4 45. Nd5 Kd4 46. Nf4 a3 47. g4 Rf2 48. Bd5 Rxf4+ 0-1

[Event "Mittelrhein Verbandsliga-W 15/16"]
[Site "Nordrheinwestfalen"]
[Date "2016.05.01"]
[Round "11.7"]
[White "Wemmer, Thomas"]
[Black "Esser, Franz Josef"]
[Result "0-1"]
[WhiteElo "1768"]
[BlackElo "2038"]
[PlyCount "80"]
[EventDate "2015.09.06"]
[EventType "team-tourn"]
[EventRounds "11"]
[EventCountry "GER"]
[SourceTitle "EXT 2022"]
[Source "ChessBase"]
[SourceDate "2021.10.06"]
[SourceVersion "1"]
[SourceVersionDate "2021.10.06"]
[SourceQuality "1"]
[WhiteTeam "Pulheim"]
[BlackTeam "Aachen SV II"]
[WhiteTeamCountry "GER"]
[BlackTeamCountry "GER"]

1. e4 c5 2. Nc3 a6 3. g3 Nc6 4. Bg2 g6 5. Nge2 Bg7 6. d3 e6 7. Be3 Nd4 8. 0-0 d6 9. f4 Ne7 10. h3 Nec6 11. a4 Nxe2+ 12. Qxe2 Bd4 13. g4 Bd7 14. f5 Qg5 15. Nd1 0-0-0 16. fxe6 fxe6 17. c3 Bxe3+ 18. Nxe3 h5 19. b4 hxg4 20. Nxg4 cxb4 21. cxb4 Nxb4 22. d4 Kb8 23. e5 Bc6 24. a5 dxe5 25. Qxe5+ Qxe5 26. dxe5 Rd3 27. Rab1 Bxg2 28. Kxg2 Nc6 29. Rf7 Nxa5 30. Nf6 Rc8 31. Rb2 Rc7 32. Rf8+ Ka7 33. Rg8 Rc5 34. Ng4 Rcc3 35. Rxg6 Rg3+ 36. Kf1 Rxh3 37. Rxe6 Rhf3+ 38. Ke2 Nc6 39. Re8 Rg3 40. Nh6 Rg2+ 0-1

[Event "Mittelrhein Verbandsliga-W 1112"]
[Site "Germany"]
[Date "2012.03.18"]
[Round "8.7"]
[White "Breske, Patrick"]
[Black "Wemmer, Thomas"]
[Result "0-1"]
[WhiteElo "1861"]
[BlackElo "1707"]
[PlyCount "90"]
[EventDate "2011.09.18"]
[EventType "team-tourn"]
[EventRounds "11"]
[EventCountry "GER"]
[SourceTitle "EXT 2013"]
[Source "ChessBase"]
[SourceDate "2012.11.22"]
[SourceVersion "1"]
[SourceVersionDate "2012.11.22"]
[SourceQuality "1"]
[WhiteTeam "Brauweiler Rochade"]
[BlackTeam "Pulheim"]
[WhiteTeamCountry "GER"]
[BlackTeamCountry "GER"]

1. e4 c6 2. d4 d5 3. e5 c5 4. Nc3 Nc6 5. Nf3 Bg4 6. Bb5 e6 7. Bf4 Nge7 8. dxc5 Ng6 9. Qd4 Bxf3 10. gxf3 Nxf4 11. Qxf4 Bxc5 12. Rg1 g6 13. 0-0-0 Bxf2 14. Ne4 Bxg1 15. Nd6+ Kd7 16. Rxg1 Rf8 17. Nxb7 Qb6 18. Qb4 Qxg1+ 19. Kd2 Qf2+ 20. Kc1 Qe3+ 21. Kd1 Qxf3+ 22. Kd2 Qf2+ 23. Kd3 Qf1+ 24. Kd2 Qg2+ 25. Kd1 Qg1+ 26. Kd2 Qxh2+ 27. Kd1 Qh5+ 28. Kd2 Qxe5 29. Bxc6+ Kxc6 30. Na5+ Kd7 31. Qb5+ Ke7 32. Nc6+ Kf6 33. Nxe5 Kxe5 34. Qc5 a6 35. Ke3 f5 36. Qd4+ Kd6 37. Kf4 h6 38. Qb6+ Ke7 39. Ke5 Kf7 40. Qxe6+ Kg7 41. Qxd5 f4 42. Qb7+ Kh8 43. Qh1 Rae8+ 44. Kd6 Kg7 45. Qf3 Re3 0-1

[Event "Mittelrhein Verbandsliga-W 1112"]
[Site "Germany"]
[Date "2012.02.05"]
[Round "6.7"]
[White "Jazmati, Abdul"]
[Black "Wemmer, Thomas"]
[Result "0-1"]
[WhiteElo "1683"]
[BlackElo "1707"]
[PlyCount "74"]
[EventDate "2011.09.18"]
[EventType "team-tourn"]
[EventRounds "11"]
[EventCountry "GER"]
[SourceTitle "EXT 2013"]
[Source "ChessBase"]
[SourceDate "2012.11.22"]
[SourceVersion "1"]
[SourceVersionDate "2012.11.22"]
[SourceQuality "1"]
[WhiteTeam "Arminia Eilendorf"]
[BlackTeam "Pulheim"]
[WhiteTeamCountry "GER"]
[BlackTeamCountry "GER"]

1. e4 c6 2. c4 d5 3. cxd5 cxd5 4. exd5 Nf6 5. Bb5+ Bd7 6. Bc4 g6 7. Nc3 Bg7 8. Qb3 b6 9. Nge2 0-0 10. 0-0 Bc8 11. d4 Bb7 12. Bf4 Nh5 13. Be5 Nd7 14. Bxg7 Nxg7 15. Ne4 Nf5 16. Qh3 Rc8 17. Bb3 Re8 18. g4 Nd6 19. Ng5 Nf6 20. Nf4 Qd7 21. f3 Nc4 22. d6 Qxd6 23. Ne2 e6 24. Rf2 Nxb2 25. Ne4 Nxe4 26. fxe4 Rc7 27. Raf1 Ree7 28. d5 exd5 29. Ng3 Nc4 30. Rf6 Qc5+ 31. Kh1 dxe4 32. Bd1 Nd2 33. Nxe4 Bxe4+ 34. Bf3 Nxf3 35. R6xf3 Bxf3+ 36. Rxf3 Re1+ 37. Kg2 Qg1# 0-1